| 000 | 01057cam a22003017a 4500 | ||
|---|---|---|---|
| 003 | CHAP | ||
| 005 | 20220817040832.0 | ||
| 008 | 971013s1987 r 00010 d | ||
| 010 | _a1157 | ||
| 011 | _a2129 | ||
| 035 | _a1320 | ||
| 040 | _cCHAP | ||
| 082 |
_a636.5 _bM37Y |
||
| 245 | 0 | _aManual of poultry production in the tropics | |
| 260 |
_aWallingford : _bCAB International, _c1987 |
||
| 300 |
_a119 p. _b: ilus. |
||
| 590 |
_aBATCH-UPD _b10 _c20130110 _lUCH01 _h1759 |
||
| 590 |
_aCONVERSION _b10 _c20130109 _lUCH01 _h1302 |
||
| 650 | 1 | 4 |
_aAves de corral. _98636 |
| 650 | 1 | 4 | _aAvicultura. |
| 710 | 0 |
_aCommonwealth Agricultural Bureaux International. _925961 |
|
| 901 | _aBK | ||
| 942 | _cLIBRO | ||
| 949 |
_a636.5 M37Y _bBC _cLIBRO _d33724000102174 _eLIBRO _fc.4 _h82895 _i1320 _si _t63.03 |
||
| 949 |
_a636.5 M37Y _bBC _cLIBRO _d33724000102182 _eLIBRO _fc.3 _h82894 _i1320 _si _t63.03 |
||
| 949 |
_a636.5 M37Y _bBC _cLIBRO _d33724000102190 _eLIBRO _fc.2 _h79240 _i1320 _si _t63.03 |
||
| 949 |
_a636.5 M37Y _bBC _cLIBRO _d33724000102208 _eLIBRO _gI. c/e _h78428 _i1320 _si _t63.03 |
||
| 999 |
_c1157 _d1157 |
||